Paroles - Envole-moi - Jean Jacques Goldman - Statistiques

Statistiques générales
  • Ce quiz a été pris 5 776 fois
  • Le résultat moyen est 213 sur 267
Statistiques - réponses
Réponse % Correct
en
99%
de
98%
à
97%
A
97%
le
97%
Envole
96%
envole
96%
La
96%
la
96%
96%
moi
96%
des
93%
dés
93%
et
93%
Et
93%
pas
93%
Pas
93%
je
91%
ma
91%
Les
89%
les
89%
se
89%
que
88%
qui
87%
ici
86%
Ici
86%
J'ai
86%
pour
86%
colle
85%
peau
85%
te
85%
cette
84%
choisi
84%
tout
84%
fatalité
83%
haut
83%
lève
83%
ça
82%
Loin
82%
Me
82%
nuit
82%
tours
82%
Entre
81%
vivre
81%
aveugle
80%
naître
80%
sortirai
80%
sourd
80%
devient
79%
j'me
79%
heures
78%
Minuit
78%
quelques
78%
J'm'en
77%
promets
77%
faut
76%
jure
76%
moyens
76%
ces
75%
légaux
75%
s'il
74%
laideur
73%
camoufle
72%
ou
72%
tous
72%
est
71%
l'ennui
71%
ni
70%
peur
70%
violence
70%
l'abandon
69%
laisse
69%
murs
69%
coup
68%
glace
67%
j'emploierai
67%
sont
67%
rébellion
66%
voix
66%
d'autres
65%
feu
65%
L'hiver
65%
taisent
65%
du
64%
l'été
64%
mots
64%
ne
64%
question
64%
sais
64%
épaves
63%
être
63%
l'ignorance
63%
franchirai
62%
soumission
62%
horizons
61%
livres
60%
mais
60%
jeu
59%
Règles
58%
saison
58%
tête
57%
y'a
57%
zone
57%
pipés
56%
mieux
55%
sale
55%
tire
54%
jamais
52%
Remplis
52%
fixées
48%
emmène
45%
toi
41%
comme
37%
Avec
35%
sans
35%
autres
32%
vies
27%
Montre
26%
ressemble
25%
n'finirai
23%
résignent
23%
leur
22%
Regarde
19%
bien
16%
yeux
14%
Croiser
10%
Aucun quiz correspondant
Distribution des résultats
% des personnes avec chaque résultat
Percentile par nombre de réponses
Votre historique - résultats
Vous n’avez pas pris ce quiz